[Event "MrDodgy Inv 3 GpA"]
[Site "chess24.com INT"]
[Date "2022.11.25"]
[Round "11.1"]
[White "Pichot, Alan"]
[Black "Rosen, Eric"]
[Result "0-1"]
[WhiteTitle "GM"]
[BlackTitle "IM"]
[WhiteElo "2637"]
[BlackElo "2356"]
[WhiteFideId "110973"]
[BlackFideId "2032562"]
[EventDate "2022.11.25"]

1. e4 c5 2. Nf3 d6 3. Bb5+ Bd7 4. a4 Nf6 5. d3 g6 6. O-O Bg7 7. h3 O-O 8. Re1
Nc6 9. Nc3 Nd4 10. Bg5 Nxf3+ 11. Qxf3 Be6 12. Bc4 Bxc4 13. dxc4 h6 14. Bh4 Nd7
15. Nd5 Re8 16. Rab1 Ne5 17. Qe2 g5 18. Bg3 e6 19. Ne3 Ng6 20. b3 Qe7 21. Rbd1
Rad8 22. Qh5 Nf4 23. Qf3 Qf6 24. Ng4 Nxh3+ 25. Kf1 Qxf3 26. gxf3 Nf4 27. Bxf4
gxf4 28. Ke2 f5 29. Nh2 Rf8 30. Rg1 Kh7 31. Rg2 Bd4 32. exf5 Rxf5 33. Ng4 Rg5
34. Rh1 Bg7 35. Rgh2 Rg6 36. Rh5 Rf8 37. Rd1 Rf5 38. Rh3 d5 39. Kd3 h5 40. Rdh1
Rgg5 41. Re1 Kg6 42. Nh2 Kf7 43. Rh1 Rg2 44. Ke2 Bd4 45. Rf1 Re5+ 46. Kd3 Rxf2
47. Rxf2 Bxf2 48. Nf1 h4 49. cxd5 exd5 50. Rh2 Bg3 51. Nxg3 hxg3 52. Rh4 Kg6 53.
Rh8 Re3+ 54. Kd2 Rxf3 55. Ke2 Rf2+ 56. Kd3 g2 57. c4 dxc4+ 58. Kxc4 f3 59. Rg8+
Kf7 60. Kxc5 Kxg8 0-1

[Event "MrDodgy Inv 3 GpA"]
[Site "chess24.com INT"]
[Date "2022.11.25"]
[Round "11.2"]
[White "Jones, Gawain C B"]
[Black "Carlsen, Magnus"]
[Result "1-0"]
[WhiteTitle "GM"]
[BlackTitle "GM"]
[WhiteElo "2623"]
[BlackElo "2859"]
[WhiteFideId "409561"]
[BlackFideId "1503014"]
[EventDate "2022.11.25"]

1. e4 g6 2. d4 Nf6 3. e5 Nh5 4. Nc3 d6 5. f4 Bh6 6. g3 dxe5 7. dxe5 Qxd1+ 8.
Nxd1 Nc6 9. Bg2 Nd4 10. Ne3 g5 11. Be4 gxf4 12. Nd5 Ne6 13. Ne2 Bd7 14. Ndxf4
Nhxf4 15. gxf4 O-O-O 16. Be3 Bb5 17. Nc3 Bc6 18. Bxc6 bxc6 19. Ne2 c5 20. Kf2 f6
21. exf6 exf6 22. Rad1 f5 23. Kf3 Rd6 24. Ng3 Rf8 25. Rxd6 cxd6 26. Rd1 Kc7 27.
Rd5 Ng7 28. b3 Kc6 29. c4 Rf7 30. Bd2 Kd7 31. b4 Kc6 32. bxc5 dxc5 33. Be3 Ne6
34. Rxf5 Re7 35. Re5 Bf8 36. Ne4 Bg7 37. Rd5 Nd4+ 38. Bxd4 Bxd4 39. Rd6+ Kc7 40.
Rd5 Kb6 41. f5 Rf7 42. Kf4 Rg7 43. f6 Rg1 44. Kf5 Rf1+ 45. Ke6 Re1 46. Rd6+ Ka5
47. Kd5 Rf1 48. Rd7 Rf5+ 49. Kc6 Bxf6 50. Rf7 Kb4 51. Rxf6 Rh5 52. Rf2 Kxc4 53.
Rc2+ Kd3 54. Rxc5 Rxh2 55. Kd5 h5 56. Rc3+ 1-0

[Event "MrDodgy Inv 3 GpA"]
[Site "chess24.com INT"]
[Date "2022.11.25"]
[Round "11.3"]
[White "Supi, Luis Paulo"]
[Black "Van Foreest, Jorden"]
[Result "1-0"]
[WhiteTitle "GM"]
[BlackTitle "GM"]
[WhiteElo "2612"]
[BlackElo "2690"]
[WhiteFideId "2106388"]
[BlackFideId "1039784"]
[EventDate "2022.11.25"]

1. e4 c6 2. d4 d5 3. e5 Bf5 4. Nf3 e6 5. Be2 Nd7 6. c3 f6 7. exf6 Ngxf6 8. Bf4
Be7 9. Bd3 O-O 10. Bxf5 exf5 11. Nbd2 Ne4 12. Ne5 Bd6 13. Ndf3 Re8 14. O-O Nf8
15. h3 Ne6 16. Bh2 Qf6 17. Nd2 Nxd2 18. Qxd2 f4 19. Rfe1 Re7 20. Re2 Rae8 21.
Rae1 Bxe5 22. Rxe5 f3 23. Bg3 fxg2 24. h4 h6 25. Qe3 Kf7 26. Qe2 g6 27. h5 Nf8
28. Kxg2 Rxe5 29. Bxe5 Qf5 30. Rh1 Ne6 31. hxg6+ Qxg6+ 32. Kh2 Qf5 33. Rg1 Rg8
34. Rg3 Rxg3 35. Bxg3 Ng5 36. Kg2 Qh3+ 37. Kg1 Qf5 38. Kg2 Qe4+ 39. Qxe4 Nxe4
40. Bb8 a6 41. f3 Nd2 42. Bf4 Nc4 43. b3 Na3 44. Bxh6 Nb1 45. c4 Nc3 46. Bd2 Ne2
47. cxd5 cxd5 48. Be3 Nc3 49. a4 Ke6 50. Kf2 b5 51. Bd2 bxa4 52. Bxc3 axb3 53.
Ke3 Kf5 54. Bb2 Kg5 55. Ke2 Kf4 56. Kf2 Kf5 57. Kg3 a5 58. Ba3 Kg5 59. f4+ Kf5
60. Kf3 a4 61. Bb2 Kf6 62. Kg4 1-0

[Event "MrDodgy Inv 3 GpA"]
[Site "chess24.com INT"]
[Date "2022.11.25"]
[Round "11.6"]
[White "Jobava, Baadur"]
[Black "Grischuk, Alexander"]
[Result "0-1"]
[WhiteTitle "GM"]
[BlackTitle "GM"]
[WhiteElo "2578"]
[BlackElo "2745"]
[WhiteFideId "13601520"]
[BlackFideId "4126025"]
[EventDate "2022.11.25"]

1. e4 e6 2. d4 d5 3. exd5 exd5 4. Nf3 Bd6 5. Bd3 Ne7 6. O-O O-O 7. Nc3 c6 8. Ne2
Bf5 9. Ng3 Bxd3 10. Qxd3 Nd7 11. Re1 Re8 12. b3 Nf8 13. c4 Ne6 14. Be3 Qd7 15.
Rad1 f6 16. Ne2 Rad8 17. Nc3 Bb4 18. Bc1 Ng6 19. g3 Nc7 20. a3 Bxc3 21. Qxc3 Re4
22. a4 Ne6 23. Be3 Nc7 24. a5 Rde8 25. Kg2 h5 26. h4 Qg4 27. Qb4 Ne6 28. Nh2
Nxh4+ 29. Kh1 Qh3 30. gxh4 Rxh4 31. Qd6 Nxd4 32. Bxd4 Rxe1+ 33. Rxe1 Rxd4 34.
Kg1 Qxb3 35. c5 Rd1 36. Rxd1 Qxd1+ 37. Kg2 Qa4 38. Qb8+ Kh7 39. Qxb7 Qe4+ 40.
Kg1 h4 41. Qb3 g5 42. a6 Kg6 43. Nf3 h3 44. Qe3 Qg4+ 45. Kf1 Qg2+ 46. Ke2 h2 47.
Qd3+ Kg7 48. Nxh2 Qxh2 49. Qb3 Qe5+ 50. Kf3 Qf5+ 51. Kg2 Qg4+ 52. Kh2 Qh4+ 53.
Kg2 Qg4+ 54. Kh2 Kg6 55. Qb1+ Qf5 56. Qb7 Qxf2+ 57. Kh1 Qxc5 58. Qc8 d4 59. Qg8+
Kf5 60. Qc8+ Kf4 61. Qh3 Qd5+ 62. Kg1 d3 63. Qf1+ Ke5 64. Qa1+ Kd6 65. Qxf6+ Kc5
66. Qc3+ Kb6 67. Qb4+ Kxa6 68. Qa3+ Kb6 69. Qb2+ Kc7 70. Qg7+ Qd7 71. Qe5+ Qd6
72. Qb2 d2 73. Qg7+ Qd7 74. Qb2 d1=Q+ 75. Kg2 Q7d2+ 0-1

[Event "MrDodgy Inv 3 GpA"]
[Site "chess24.com INT"]
[Date "2022.11.25"]
[Round "11.7"]
[White "Mamedov, Rauf"]
[Black "Plichta, Kamil"]
[Result "0-1"]
[WhiteTitle "GM"]
[BlackTitle "FM"]
[WhiteElo "2646"]
[BlackElo "2394"]
[WhiteFideId "13401653"]
[BlackFideId "1141830"]
[EventDate "2022.11.25"]

1. e4 g6 2. d4 Bg7 3. Nf3 c5 4. dxc5 Qa5+ 5. Nc3 Bxc3+ 6. bxc3 Qxc3+ 7. Bd2 Qxc5
8. Bd3 d6 9. Rb1 Nf6 10. O-O O-O 11. Re1 Nbd7 12. Be3 Qc7 13. h3 b6 14. Qd2 Bb7
15. Bh6 Rfd8 16. Qf4 Ne5 17. Qh4 Nxf3+ 18. gxf3 Qc5 19. Rb5 Qc3 20. Rd1 Ba6 21.
Rb3 Qc8 22. f4 Bxd3 23. cxd3 Qc2 24. Rf1 Qe2 25. f5 Qh5 26. Qxh5 Nxh5 27. fxg6
hxg6 28. Rc3 Rac8 29. Rfc1 Rxc3 30. Rxc3 Rd7 31. Rc8+ Kh7 32. Bd2 f6 33. Be3 Kg7
34. a4 Kf7 35. Kg2 Ng7 36. Ra8 Ne6 37. a5 bxa5 38. Bxa7 d5 39. Be3 d4 40. Bd2
Nc5 41. Rxa5 Nxd3 42. Ra3 Ne5 43. Ra4 g5 44. h4 gxh4 45. f4 Nd3 46. Ra5 h3+ 47.
Kf3 Rb7 48. Ke2 Rb1 49. Rh5 Nc5 50. Kf3 Rb3+ 51. Ke2 Nxe4 52. Be1 Re3+ 53. Kd1
d3 54. f5 Rf3 55. Rh7+ Ke8 56. Rh4 d2 57. Bxd2 Nxd2 58. Kxd2 Rxf5 59. Rxh3 Kd7
60. Ra3 Ke6 61. Ke3 Re5+ 62. Kf4 Rd5 63. Ra6+ Rd6 64. Ra4 Kf7 65. Ra7 Re6 66.
Rb7 Re1 67. Ra7 Kg6 68. Kf3 e5 69. Kf2 Re4 70. Ra8 Rd4 71. Ke3 Kf5 72. Rh8 Ra4
73. Rh5+ Ke6 74. Rh8 Ra3+ 75. Ke2 Kd5 76. Rh4 f5 77. Rb4 f4 78. Rb8 Ke4 79. Rb4+
Kf5 80. Rb5 Ra2+ 81. Kf3 Ra3+ 82. Kf2 Rd3 83. Ke2 Rd4 84. Kf3 Re4 85. Ra5 Re3+
86. Kf2 Kg4 87. Ra8 Rb3 88. Rg8+ Kf5 89. Rf8+ Ke4 90. Ra8 Rb2+ 91. Ke1 f3 92.
Ra4+ Ke3 93. Ra3+ Kf4 94. Ra8 e4 95. Kd1 f2 96. Rf8+ Ke3 97. Kc1 Ra2 98. Kb1 Re2
99. Kc1 Re1+ 100. Kc2 f1=Q 101. Rd8 Qc4+ 102. Kb2 Re2+ 103. Kb1 Qc2+ 0-1

[Event "MrDodgy Inv 3 GpA"]
[Site "chess24.com INT"]
[Date "2022.11.25"]
[Round "11.8"]
[White "Ten Hertog, Hugo"]
[Black "Williams, Simon K"]
[Result "1-0"]
[WhiteTitle "GM"]
[BlackTitle "GM"]
[WhiteElo "2528"]
[BlackElo "2467"]
[WhiteFideId "1026356"]
[BlackFideId "404454"]
[EventDate "2022.11.25"]

1. e4 c5 2. Nc3 Nc6 3. Nge2 g6 4. d4 cxd4 5. Nxd4 Bg7 6. Nb3 d6 7. Be2 Nf6 8.
Be3 O-O 9. g4 Be6 10. g5 Nd7 11. h4 Na5 12. Nd4 Bc4 13. h5 Rc8 14. hxg6 hxg6 15.
Bg4 Ba6 16. Qf3 Re8 17. Ne6 Ne5 18. Qh3 fxe6 19. Bxe6+ Kf8 20. Qh7 1-0

[Event "MrDodgy Inv 3 GpA"]
[Site "chess24.com INT"]
[Date "2022.11.25"]
[Round "12.1"]
[White "Rosen, Eric"]
[Black "Williams, Simon K"]
[Result "1-0"]
[WhiteTitle "IM"]
[BlackTitle "GM"]
[WhiteElo "2356"]
[BlackElo "2467"]
[WhiteFideId "2032562"]
[BlackFideId "404454"]
[EventDate "2022.11.25"]

1. e4 b6 2. d4 Bb7 3. Bg5 h6 4. Bh4 g5 5. Bg3 Bg7 6. h4 Bxe4 7. hxg5 hxg5 8.
Rxh8 Bxh8 9. Qh5 Bxd4 10. Qxg5 Bg6 11. Nc3 Bxc3+ 12. bxc3 e6 13. Qd2 Nc6 14. Nf3
Qf6 15. Bxc7 Rc8 16. Bd6 Na5 17. Be5 Qe7 18. Ba6 Nc4 19. Qd4 Nxe5 20. Bxc8 Nxf3+
21. gxf3 Qc5 22. Bxd7+ Ke7 23. Qxc5+ bxc5 24. Ba4 Nf6 25. Rb1 Nd5 26. Rb7+ Kd6
27. Kd2 a5 28. Ra7 Nb6 29. Bb5 a4 30. Bxa4 Nc4+ 31. Kc1 Ne5 32. f4 Ng4 33. f3
Ne3 34. Kd2 Nd5 35. Bb5 Nxf4 36. Rd7+ Ke5 37. a4 Bh5 38. Ke3 Nd5+ 39. Kf2 Nxc3
40. Bc6 Nd1+ 41. Ke2 Nc3+ 42. Kf2 Nd1+ 43. Rxd1 1-0

[Event "MrDodgy Inv 3 GpA"]
[Site "chess24.com INT"]
[Date "2022.11.25"]
[Round "12.2"]
[White "Plichta, Kamil"]
[Black "Ten Hertog, Hugo"]
[Result "0-1"]
[WhiteTitle "FM"]
[BlackTitle "GM"]
[WhiteElo "2394"]
[BlackElo "2528"]
[WhiteFideId "1141830"]
[BlackFideId "1026356"]
[EventDate "2022.11.25"]

1. d4 g6 2. e4 Bg7 3. Nc3 d6 4. Be3 a6 5. g4 Nf6 6. Be2 h5 7. gxh5 Nxh5 8. Qd2
b5 9. O-O-O Bb7 10. Bf3 Nd7 11. Nge2 c5 12. Bxh5 Rxh5 13. Nf4 Rh4 14. f3 cxd4
15. Qf2 Rxf4 16. Bxf4 dxc3 17. h4 cxb2+ 18. Kb1 Nb6 19. e5 Na4 20. Rd3 Rc8 21.
h5 Qa5 22. hxg6 Bd5 23. a3 Nc3+ 24. Kxb2 b4 25. gxf7+ Bxf7 26. a4 dxe5 27. Qg3
Bf6 28. Qg4 Qc7 29. Rh2 exf4 30. Kc1 b3 31. Rhd2 b2+ 32. Kxb2 Rb8+ 33. Kc1 Rb1# 0-1

[Event "MrDodgy Inv 3 GpA"]
[Site "chess24.com INT"]
[Date "2022.11.25"]
[Round "12.3"]
[White "Grischuk, Alexander"]
[Black "Mamedov, Rauf"]
[Result "1/2-1/2"]
[WhiteTitle "GM"]
[BlackTitle "GM"]
[WhiteElo "2745"]
[BlackElo "2646"]
[WhiteFideId "4126025"]
[BlackFideId "13401653"]
[EventDate "2022.11.25"]

1. d4 d5 2. c4 c6 3. Nf3 Nf6 4. Nc3 dxc4 5. a4 Bf5 6. Ne5 Nbd7 7. Nxc4 Qc7 8. g3
e5 9. dxe5 Nxe5 10. Bf4 Nfd7 11. Qc1 Be6 12. Nxe5 Nxe5 13. Bg2 Qa5 14. O-O Bb4
15. Nb5 cxb5 16. Bxe5 O-O 17. Bxg7 Kxg7 18. Qg5+ Kh8 19. Qf6+ Kg8 20. Qg5+ Kh8
21. Qf6+ Kg8 22. Qg5+ Kh8 1/2-1/2

[Event "MrDodgy Inv 3 GpA"]
[Site "chess24.com INT"]
[Date "2022.11.25"]
[Round "12.6"]
[White "Van Foreest, Jorden"]
[Black "Adhiban, Baskaran"]
[Result "1-0"]
[WhiteTitle "GM"]
[BlackTitle "GM"]
[WhiteElo "2690"]
[BlackElo "2603"]
[WhiteFideId "1039784"]
[BlackFideId "5018471"]
[EventDate "2022.11.25"]

1. e4 c5 2. Nf3 d6 3. Bb5+ Nc6 4. d4 cxd4 5. Nxd4 Bd7 6. Nc3 Nf6 7. Be3 g6 8. f3
Bg7 9. Qd2 h5 10. O-O-O a6 11. Be2 Ne5 12. Kb1 Rc8 13. h3 Nc4 14. Bxc4 Rxc4 15.
g4 Qa5 16. Nb3 Qd8 17. g5 Nh7 18. Nd5 O-O 19. Na5 Ra4 20. Bb6 Qe8 21. b3 Rxa5
22. Bxa5 Bc6 23. Bc3 e5 24. f4 Qe6 25. h4 Rc8 26. Bb2 Bxd5 27. exd5 Qd7 28. fxe5
dxe5 29. Rhe1 Re8 30. d6 f5 31. Qd5+ Qf7 32. Bxe5 1-0

[Event "MrDodgy Inv 3 GpA"]
[Site "chess24.com INT"]
[Date "2022.11.25"]
[Round "12.7"]
[White "Carlsen, Magnus"]
[Black "Supi, Luis Paulo"]
[Result "1-0"]
[WhiteTitle "GM"]
[BlackTitle "GM"]
[WhiteElo "2859"]
[BlackElo "2612"]
[WhiteFideId "1503014"]
[BlackFideId "2106388"]
[EventDate "2022.11.25"]

1. e4 c5 2. Nf3 d6 3. d4 cxd4 4. Nxd4 Nf6 5. Nc3 Nc6 6. a3 g6 7. Bc4 Bg7 8. O-O
O-O 9. Re1 Bd7 10. h3 Nxd4 11. Qxd4 Rc8 12. Ba2 Qa5 13. e5 Nh5 14. g4 Bxe5 15.
Rxe5 dxe5 16. Qxd7 Rxc3 17. Qd2 Nf4 18. bxc3 Rd8 19. Qe1 e6 20. Bxf4 exf4 21.
Kg2 Rc8 22. c4 Qxa3 23. Bb3 Qb2 24. Rxa7 Qd4 25. Ra1 Rd8 26. c3 f3+ 27. Kxf3
Qf6+ 28. Kg2 Rd3 29. Bd1 Rxc3 30. Qe4 Kg7 31. Rb1 Ra3 32. Rxb7 h6 33. Bf3 Ra2
34. c5 Qc3 35. Qxe6 Rxf2+ 36. Kxf2 Qxc5+ 37. Kg2 Qc2+ 38. Be2 1-0

[Event "MrDodgy Inv 3 GpA"]
[Site "chess24.com INT"]
[Date "2022.11.25"]
[Round "12.8"]
[White "Pichot, Alan"]
[Black "Jones, Gawain C B"]
[Result "1-0"]
[WhiteTitle "GM"]
[BlackTitle "GM"]
[WhiteElo "2637"]
[BlackElo "2623"]
[WhiteFideId "110973"]
[BlackFideId "409561"]
[EventDate "2022.11.25"]

1. e4 e5 2. Nf3 Nc6 3. Bb5 a6 4. Ba4 Nf6 5. O-O d6 6. Re1 Bd7 7. c3 g6 8. d4 Bg7
9. h3 O-O 10. Bc2 Nh5 11. Bg5 Qe8 12. Be3 f5 13. exf5 gxf5 14. dxe5 dxe5 15. Bc5
Rf6 16. Ng5 b6 17. Bb3+ Kh8 18. Bf7 Qc8 19. Bxh5 bxc5 20. Nf7+ Kg8 21. Nxe5 Nxe5
22. Rxe5 Rd6 23. Rd5 Qf8 24. Na3 Be6 25. Rxd6 cxd6 26. Bf3 Rb8 27. Bd5 Qf7 28.
Bxe6 Qxe6 29. Qd2 d5 30. Rd1 d4 31. cxd4 Bxd4 32. b3 Re8 33. Nc2 Bf6 34. Re1 Qf7
35. Rxe8+ Qxe8 36. Qd5+ Kg7 37. Qxf5 Qe2 38. Qg4+ Qxg4 39. hxg4 Be7 40. g3 Kf6
41. Kg2 Ke6 42. Kf3 Kd5 43. Ke3 c4 44. Kd2 cxb3 45. axb3 Ke4 46. Ke2 a5 47. f3+
Kd5 48. Kd3 Bd6 49. Ne3+ Kc5 50. Nf5 Bc7 51. f4 Kb4 52. Nd4 Bb6 53. f5 Kc5 54.
g5 Kd5 55. Nf3 Bf2 56. g4 Bc5 57. Nh4 Ke5 58. g6 hxg6 59. Nxg6+ Kf6 60. Nf4 Bd6
61. Ne6 Ke5 62. Ke3 Be7 63. Kf3 Bf6 64. Nf4 Bd8 65. Ng6+ Kf6 66. Ke4 Kg5 67. Kf3
Bc7 68. Nf8 Kf6 69. Nd7+ Ke7 70. Nc5 Kf6 71. Ne4+ Ke5 72. f6 Ke6 73. g5 Be5 74.
Kg4 Bd4 75. Kh5 Kf7 76. Nd6+ Ke6 77. Kg6 Kxd6 78. Kf7 Kc5 79. g6 Kb4 80. g7 Kxb3
81. g8=Q a4 82. Qb8+ Kc2 83. Ke6 Bc3 84. Qa7 a3 85. Qxa3 Bb2 86. Qxb2+ Kxb2 87.
f7 Kb3 88. f8=Q Kc3 89. Qf6+ Kc4 90. Qe5 Kd3 91. Qd5+ Kc3 92. Qd6 Kc2 93. Ke5
Kc3 94. Qd4+ Kb3 95. Ke4 Kc2 96. Ke3 Kb3 97. Qc5 Kb2 98. Qc4 Ka3 99. Qb5 Ka2
100. Qb4 Ka1 101. Kd2 Ka2 102. Kc2 Ka1 103. Qa4# 1-0

[Event "MrDodgy Inv 3 GpA"]
[Site "chess24.com INT"]
[Date "2022.11.25"]
[Round "13.1"]
[White "Jones, Gawain C B"]
[Black "Rosen, Eric"]
[Result "1-0"]
[WhiteTitle "GM"]
[BlackTitle "IM"]
[WhiteElo "2623"]
[BlackElo "2356"]
[WhiteFideId "409561"]
[BlackFideId "2032562"]
[EventDate "2022.11.25"]

1. Nf3 d5 2. g3 Nf6 3. Bg2 e6 4. O-O b6 5. c4 Bb7 6. b3 Bd6 7. Bb2 O-O 8. Nc3 a6
9. cxd5 exd5 10. d4 Re8 11. Rc1 Nbd7 12. e3 Qe7 13. Nh4 g6 14. Nf3 Ne4 15. Nxe4
dxe4 16. Nd2 Qe6 17. Qc2 Bd5 18. Nc4 Bf8 19. Ne5 Bd6 20. Bxe4 Bxe4 21. Qxe4 f6
22. Nxd7 Qxd7 23. Qd5+ Kg7 24. Ba3 Qe6 25. Qxe6 Rxe6 26. Bxd6 cxd6 27. Rc7+ Kh6
28. Rfc1 a5 29. R1c6 a4 30. Rxb6 axb3 31. axb3 Ra2 32. Rbb7 Kg5 33. Rxh7 Kg4 34.
Rh4+ Kf3 35. Rf4+ Ke2 36. d5 Re5 37. Rxf6 Rxd5 38. Kg2 Ke1 39. h4 g5 40. hxg5
Rxg5 41. Rh7 d5 42. Rh1+ Ke2 43. Rc1 Rd2 44. b4 Rb2 45. Rf4 Re5 46. g4 Kd2 47.
Ra1 Re6 48. Rd4+ Ke2 49. Rxd5 Rxb4 50. Kg3 Rb2 51. g5 Re4 52. g6 Rbb4 53. Rg5
Re8 54. g7 Rg8 55. Rh1 Rb7 56. Rh7 Rf7 57. Rh2 Rf3+ 58. Kg4 Rf7 59. e4 Kd3 60.
e5 Ke4 61. Rh4 Re7 62. f4 Kd5 63. Rh6 Ke4 64. Rf6 Rexg7 65. Rxg7 Rxg7+ 66. Kh5
Kd5 67. Kh6 Rg3 68. e6 Kd6 69. f5 Ke7 70. Rf7+ Kd6 71. e7 Kd7 72. f6 Ke8 73.
Rf8+ Kd7 74. e8=Q+ Kd6 75. Qe7+ Kd5 76. Rd8+ Kc4 77. Qc7+ Kb3 78. Rb8+ Ka2 79.
Qc2+ Ka3 80. Qb2+ Ka4 81. Ra8# 1-0

[Event "MrDodgy Inv 3 GpA"]
[Site "chess24.com INT"]
[Date "2022.11.25"]
[Round "13.2"]
[White "Supi, Luis Paulo"]
[Black "Pichot, Alan"]
[Result "0-1"]
[WhiteTitle "GM"]
[BlackTitle "GM"]
[WhiteElo "2612"]
[BlackElo "2637"]
[WhiteFideId "2106388"]
[BlackFideId "110973"]
[EventDate "2022.11.25"]

1. e4 c5 2. Nf3 e6 3. c3 Nf6 4. e5 Nd5 5. d4 cxd4 6. cxd4 d6 7. Bc4 Be7 8. O-O
O-O 9. Qe2 a6 10. Nc3 Nxc3 11. bxc3 b5 12. exd6 Qxd6 13. Qe4 Qc6 14. Bd3 Qxe4
15. Bxe4 Ra7 16. a4 Bb7 17. Nd2 b4 18. cxb4 Bxb4 19. Rb1 a5 20. Bxb7 Rxb7 21.
Nc4 Nc6 22. Be3 Rd7 23. Nb6 Rd6 24. Rfd1 Nxd4 25. Rxd4 Rxb6 26. g3 Rc6 27. Rd7
Rfc8 28. Rbd1 h6 29. Ra7 R6c7 30. Ra6 Rc2 31. Rd7 R8c7 32. Ra8+ Kh7 33. Rdd8 Ra2
34. Rh8+ Kg6 35. Rag8 Kf6 36. Rh7 Rxa4 37. Rgxg7 Bc3 38. Rg8 Ra1+ 39. Kg2 a4 40.
Bxh6 Ke7 41. Ra8 a3 42. Bf4 Rb7 43. Rhh8 Bxh8 44. Rxh8 Ra7 45. Be3 a2 46. Bc5+
Kd7 47. Kh3 Rc1 48. Bd4 a1=Q 49. Bxa1 Raxa1 50. Kg4 Ke7 51. h4 Rc2 52. f4 Ra3
53. Rg8 Rcc3 54. Kh3 Rc4 55. Kg4 Rc1 56. h5 Rh1 57. Rh8 f5+ 58. Kg5 Rxg3+ 59.
Kh6 Rxh5+ 60. Kxh5 Rh3+ 0-1

[Event "MrDodgy Inv 3 GpA"]
[Site "chess24.com INT"]
[Date "2022.11.25"]
[Round "13.3"]
[White "Adhiban, Baskaran"]
[Black "Carlsen, Magnus"]
[Result "0-1"]
[WhiteTitle "GM"]
[BlackTitle "GM"]
[WhiteElo "2603"]
[BlackElo "2859"]
[WhiteFideId "5018471"]
[BlackFideId "1503014"]
[EventDate "2022.11.25"]

1. b3 g6 2. Bb2 Nf6 3. Nf3 Bg7 4. g3 b6 5. Bg2 Bb7 6. c4 O-O 7. d4 e6 8. O-O Na6
9. Nc3 d5 10. Ne5 Qe7 11. cxd5 exd5 12. e3 c5 13. Rc1 Rfd8 14. Re1 Nc7 15. a4
Ne6 16. Ba3 Rac8 17. h4 Ne4 18. Ne2 Qf6 19. Nf3 Qf5 20. Nf4 Nxf4 21. exf4 cxd4
22. Nxd4 Rxc1 23. Bxc1 Qd7 24. Be3 Nc5 25. h5 Re8 26. f5 gxh5 27. Kh2 h4 28. g4
Ba6 29. Nb5 d4 30. Bd2 Rxe1 31. Qxe1 Nxb3 32. Bf4 d3 33. Bf3 d2 34. Qe4 Bxb5 35.
axb5 d1=Q 36. Bxd1 Qxd1 37. f6 Bf8 38. Qf5 Nd4 39. Qg5+ Kh8 40. Qh5 Qf1 0-1

[Event "MrDodgy Inv 3 GpA"]
[Site "chess24.com INT"]
[Date "2022.11.25"]
[Round "13.4"]
[White "Salgado Lopez, Ivan"]
[Black "Van Foreest, Jorden"]
[Result "0-1"]
[WhiteTitle "GM"]
[BlackTitle "GM"]
[WhiteElo "2591"]
[BlackElo "2690"]
[WhiteFideId "2257327"]
[BlackFideId "1039784"]
[EventDate "2022.11.25"]

1. e4 c6 2. d4 d5 3. exd5 cxd5 4. Bd3 Nc6 5. c3 e6 6. Nf3 Bd6 7. O-O Nge7 8. Re1
O-O 9. b3 Bd7 10. c4 Rc8 11. Nc3 h6 12. a3 Bb8 13. Qe2 Na5 14. Rb1 Re8 15. c5
Nf5 16. b4 Nc6 17. Bxf5 exf5 18. Qd3 Re4 19. Bd2 a6 20. Nxd5 Be6 21. Nc3 Ne5 22.
Nxe5 Rxd4 23. Qf3 Rxd2 24. Qxb7 Qd4 0-1

[Event "MrDodgy Inv 3 GpA"]
[Site "chess24.com INT"]
[Date "2022.11.25"]
[Round "13.7"]
[White "Ten Hertog, Hugo"]
[Black "Grischuk, Alexander"]
[Result "0-1"]
[WhiteTitle "GM"]
[BlackTitle "GM"]
[WhiteElo "2528"]
[BlackElo "2745"]
[WhiteFideId "1026356"]
[BlackFideId "4126025"]
[EventDate "2022.11.25"]

1. c4 e5 2. Nc3 Bb4 3. Qc2 Nf6 4. Nf3 Qe7 5. a3 Bxc3 6. Qxc3 d6 7. d4 e4 8. Ng1
h6 9. e3 a5 10. b3 O-O 11. Bb2 d5 12. Ne2 c6 13. Nf4 Rd8 14. Be2 g5 15. Nh5 Nxh5
16. Bxh5 g4 17. h3 Qh4 18. O-O-O Qxh5 19. hxg4 Qg6 20. Rh4 Bxg4 21. f3 exf3 22.
gxf3 Bxf3 23. Rf1 Bg4 24. e4 Qg5+ 0-1

[Event "MrDodgy Inv 3 GpA"]
[Site "chess24.com INT"]
[Date "2022.11.25"]
[Round "13.8"]
[White "Williams, Simon K"]
[Black "Plichta, Kamil"]
[Result "1/2-1/2"]
[WhiteTitle "GM"]
[BlackTitle "FM"]
[WhiteElo "2467"]
[BlackElo "2394"]
[WhiteFideId "404454"]
[BlackFideId "1141830"]
[EventDate "2022.11.25"]

1. d4 e6 2. Nf3 d5 3. Bf4 Nf6 4. e3 c5 5. Nbd2 Nc6 6. c3 Be7 7. Bd3 O-O 8. O-O
b6 9. Ne5 Bb7 10. Qf3 Nxe5 11. dxe5 Nd7 12. Qh3 g6 13. Nf3 Re8 14. Bb5 f5 15.
exf6 Bxf6 16. Rad1 a6 17. Bxd7 Qxd7 18. Be5 Qg7 19. Qg3 a5 20. Bxf6 Qxf6 21. Ne5
Re7 22. f4 Rf8 23. Qg5 Qxg5 24. fxg5 Rf5 25. Nf3 e5 26. h4 Ref7 27. Nh2 Rxf1+
28. Nxf1 Kf8 29. Nh2 Ke7 30. Ng4 Ke6 31. Nf6 h6 32. g4 hxg5 33. hxg5 Rf8 34. Kg2
Rh8 35. Kg3 a4 36. Rf1 Ba6 37. Rd1 Bc4 38. a3 b5 39. Re1 Bd3 40. Rd1 c4 41. Re1
Bc2 42. Kg2 Bd3 43. Kg3 Bc2 44. Kg2 Bd3 45. Kg3 1/2-1/2

[Event "MrDodgy Inv 3 GpA"]
[Site "chess24.com INT"]
[Date "2022.11.25"]
[Round "14.1"]
[White "Rosen, Eric"]
[Black "Plichta, Kamil"]
[Result "1/2-1/2"]
[WhiteTitle "IM"]
[BlackTitle "FM"]
[WhiteElo "2356"]
[BlackElo "2394"]
[WhiteFideId "2032562"]
[BlackFideId "1141830"]
[EventDate "2022.11.25"]

1. d4 Nf6 2. Bf4 c5 3. e3 Nd5 4. Bg3 Qb6 5. b3 cxd4 6. exd4 g6 7. c4 Bg7 8. Nf3
Nf6 9. Be2 Nc6 10. O-O Ne4 11. Be5 Nxe5 12. dxe5 d6 13. Qd5 Qc6 14. Nbd2 Qxd5
15. cxd5 Nxd2 16. Nxd2 Bxe5 17. Rac1 Bf4 18. Rfd1 Kd8 19. g3 Bxd2 20. Rxd2 Bd7
21. f4 Rc8 22. Rdd1 Rc7 23. Kf2 Kc8 24. Ke3 Kb8 25. Rxc7 Kxc7 26. Bc4 Rc8 27.
Kd4 Kd8 28. Re1 b5 29. Bd3 a5 30. h4 Rc5 31. a3 e6 32. dxe6 fxe6 33. b4 axb4 34.
axb4 Rd5+ 35. Kc3 e5 36. fxe5 dxe5 37. h5 gxh5 38. Bxh7 Ke7 39. Be4 Rd4 40. Bf3
Rc4+ 41. Kd2 Kf6 42. Re4 Rxe4 43. Bxe4 Kg5 44. Bf3 Bg4 45. Bc6 h4 46. gxh4+ Kxh4
47. Bxb5 Kg5 48. Ke3 Kf6 49. Ke4 Ke6 50. Bc4+ Kd6 51. b5 Bh3 52. Be2 Bg2+ 53.
Bf3 Bxf3+ 54. Kxf3 Kc5 55. Ke4 Kxb5 56. Kxe5 1/2-1/2

[Event "MrDodgy Inv 3 GpA"]
[Site "chess24.com INT"]
[Date "2022.11.25"]
[Round "14.2"]
[White "Grischuk, Alexander"]
[Black "Williams, Simon K"]
[Result "1-0"]
[WhiteTitle "GM"]
[BlackTitle "GM"]
[WhiteElo "2745"]
[BlackElo "2467"]
[WhiteFideId "4126025"]
[BlackFideId "404454"]
[EventDate "2022.11.25"]

1. e4 c5 2. Nf3 d6 3. Bb5+ Nc6 4. O-O Bd7 5. Re1 a6 6. Bxc6 Bxc6 7. d4 cxd4 8.
Nxd4 g6 9. Nxc6 bxc6 10. Qd4 Nf6 11. e5 dxe5 12. Qxe5 Bg7 13. Nc3 O-O 14. Qxe7
Qb6 15. Ne4 Nd5 16. Qc5 Qxc5 17. Nxc5 Nb4 18. Re2 Rfe8 19. Be3 Bxb2 20. Rb1 Bc3
21. a3 Nd5 22. Kf1 Rab8 23. Rb3 a5 24. g3 a4 25. Nxa4 Ra8 26. Nxc3 1-0